Normal view MARC view
  • Punjab (India)

Entry Geographic Name

Number of records used in: 6

001 - CONTROL NUMBER

  • control field: 1173

003 - CONTROL NUMBER IDENTIFIER

  • control field: NUST

005 - DATE AND TIME OF LATEST TRANSACTION

  • control field: 20170518172406.0

008 - FIXED-LENGTH DATA ELEMENTS

  • fixed length control field: 170518|| aca||aabn | a|a d

040 ## - CATALOGING SOURCE

  • Original cataloging agency: NUST
  • Transcribing agency: NUST

151 ## - HEADING--GEOGRAPHIC NAME

  • Geographic name: Punjab (India)
  • General subdivision: Politics and government
  • Chronological subdivision: 19th century
  • Form subdivision: Sources.

670 ## - SOURCE DATA FOUND

  • Source citation: Work cat.: (NUST)0: Edwardes, Herbert B. (Herbert Benjamin), Sir, 1819-1868. 1172, Political diaries of Lieut. H.B. Edwardes, assistant to the resident at Lahore, 1847-1849., 2006.
© 2023 Central Library, National University of Sciences and Technology. All Rights Reserved.